000 005570000a22001810004500
003 MACL
005 20160413124752.0
008 160413b xxu||||| |||| 00| 0 eng d
040 _aMACL
_cMACL
041 _aHindi
082 _a403
100 _aसंदीप कुमार शर्मा
_952141
245 _aशुद्ध‍ हिन्‍दी
260 _aदिल्‍ली
_bआकाशदीप पब्लिकेशंस
_c2011
350 _a200
650 _aभाषाविज्ञान
_950141
942 _cHIN
_k403
_2ddc
999 _c46855
_d46855